000 00634nam a22001457a 4500
999 _c127218
_d127218
005 20220719103105.0
008 220719b ||||| |||| 00| 0 eng d
040 _cPK-LaUMT
082 _aAPC 297.4092
_bIQB-G
100 _aIqbal Kharal, Muhammad = اقبال کھرل، محمد
245 _aGulshan i Qadari hayat tayyabah hazrat Mian Mir Qadiri Rahatullah Aleh Lahore = گلشن قادریہ حیات طیبہ حضرت میاں میر قادری رحمۃ اللہ علیہ لاہور /
_cby Muhammad Iqbal Kharal = از محمد اقبال کھرل
260 _aLahore :
_bHaji Parvez,
_c2006
300 _a240 p.
942 _cBK